000 01420nam0a22002771 4500
001 rc\4966284
005 20260407150052.0
021 _aRU
_b[62-26962]
035 _a(NLR Aleph) 008960942
090 _a9063752
_c9063752
100 _a20130426d1962 |||y0rusy50 ca
101 0 _arus
102 _aRU
105 _aa c |||||
200 1 _aРемонт головок цилиндров тракторов ДТ-54, "Беларусь" и КДП-35
_eИнструктивные указания
_fГос. ком. Совета Министров УССР по координации науч.-исслед. работ. Укр. респ. объединение Совета Министров УССР "Укрсельхозтехника"
210 _aКиев
_cИн-т техн. информации
_d1962
215 _a19 с.
_cчерт.
_d20
300 _aНа обороте тит. л. сост.: канд. техн. наук А.Г. Калашников
606 _aЦилиндры и цилиндровые гильзы тракторных двигателей
_xРемонт
_2psbo
702 1 _aКалашников
_bА.Г.
_gАлександр Григорьевич
_4220
712 0 2 _aИнститут технической информации
_cКиев
_3RU\NLR\AUTH\8810023921
_9545889
801 0 _aRU
_bNLR
_gpsbo
801 1 _aRU
_bELAR
_2rusmarc
852 _aNLR
_j62-4/7178
942 _cBOOK
980 _aNB